00378 2200157 4500001002100000008004100021035002000062245002400082260003000106300001500136020001800151084001700169082001100186650001000197990001300207INLIS000000000000007 ind  a0010-0921000007 aGalettecFenny Wong aJakarta :bGramediac2016 a248c20 cm a9786020330976 a808.83 FEN g a808.83 aFiksi aDI. 2125